[Event "Göteborg Open 2016"]
[Site "Idrottsvägen 2, Mölnlycke, Sweden"]
[Date "2016.08.19"]
[Round "4.2"]
[White "Antonsen, Mikkel"]
[Black "Blomqvist, Erik"]
[Result "0-1"]
[BlackElo "2557"]
[WhiteElo "2475"]
[LiveChessVersion "1.4.8"]

1. d4 {[%clk 0:15:07]} d5 {[%clk 0:15:09]} 2. c4 {[%clk 0:15:11]} c6
{[%clk 0:15:13]} 3. Nf3 {[%clk 0:15:15]} Nf6 {[%clk 0:15:17]} 4. e3
{[%clk 0:15:19]} Bg4 {[%clk 0:15:20]} 5. h3 {[%clk 0:15:23]} Bh5 {[%clk 0:15:24]}
6. g4 {[%clk 0:15:27]} Bg6 {[%clk 0:15:28]} 7. Ne5 {[%clk 0:15:32]} Nbd7
{[%clk 0:15:29]} 8. Nxg6 {[%clk 0:15:35]} hxg6 {[%clk 0:15:32]} 9. Nd2
{[%clk 0:15:39]} e6 {[%clk 0:15:24]} 10. Bg2 {[%clk 0:15:43]} Bb4
{[%clk 0:14:25]} 11. O-O {[%clk 0:15:29]} Qe7 {[%clk 0:13:45]} 12. a3
{[%clk 0:14:37]} Ba5 {[%clk 0:13:43]} 13. b4 {[%clk 0:14:23]} Bc7
{[%clk 0:13:45]} 14. c5 {[%clk 0:12:06]} g5 {[%clk 0:12:52]} 15. b5
{[%clk 0:10:36]} cxb5 {[%clk 0:12:24]} 16. Rb1 {[%clk 0:10:41]} a6
{[%clk 0:12:13]} 17. a4 {[%clk 0:10:44]} Nb8 {[%clk 0:11:59]} 18. axb5
{[%clk 0:10:41]} axb5 {[%clk 0:12:03]} 19. Rxb5 {[%clk 0:10:37]} Nc6
{[%clk 0:12:07]} 20. Re1 {[%clk 0:10:07]} Ra7 {[%clk 0:11:55]} 21. Bb2
{[%clk 0:09:18]} Qd7 {[%clk 0:09:46]} 22. e4 {[%clk 0:07:53]} Ba5
{[%clk 0:08:01]} 23. exd5 {[%clk 0:07:28]} Nxd5 {[%clk 0:08:04]} 24. Rb3
{[%clk 0:05:01]} O-O {[%clk 0:07:42]} 25. Rf1 {[%clk 0:04:38]} Bxd2
{[%clk 0:07:28]} 26. Qxd2 {[%clk 0:04:41]} Nf4 {[%clk 0:07:28]} 27. Be4
{[%clk 0:04:18]} Rd8 {[%clk 0:06:41]} 28. Rd1 {[%clk 0:03:59]} Qe7
{[%clk 0:05:36]} 29. Qe3 {[%clk 0:02:59]} e5 {[%clk 0:04:27]} 30. d5
{[%clk 0:02:48]} Ra4 {[%clk 0:03:18]} 31. Rd2 {[%clk 0:02:31]} Na5
{[%clk 0:02:45]} 32. d6 {[%clk 0:01:45]} Qe6 {[%clk 0:02:49]} 33. Rxb7
{[%clk 0:01:23]} Nc4 {[%clk 0:01:52]} 34. Qb3 {[%clk 0:01:02]} Nxd2
{[%clk 0:01:20]} 35. Qxa4 {[%clk 0:01:06]} Nxh3+ {[%clk 0:01:02]} 36. Kh2
{[%clk 0:01:10]} Qh6 {[%clk 0:00:27]} 37. Bxe5 {[%clk 0:00:31]} Nxf2+
{[%clk 0:00:18]} 38. Kg2 {[%clk 0:00:35]} Ndxe4 {[%clk 0:00:17]} 0-1

[Event "Göteborg Open 2016"]
[Site "Idrottsvägen 2, Mölnlycke, Sweden"]
[Date "2016.08.19"]
[Round "4.3"]
[White "Hector, Jonny"]
[Black "Kazakovskiy, Valeriy"]
[Result "0-1"]
[BlackElo "2342"]
[WhiteElo "2518"]
[LiveChessVersion "1.4.8"]

1. e4 {[%clk 0:15:06]} e5 {[%clk 0:15:06]} 2. Nf3 {[%clk 0:15:09]} Nc6
{[%clk 0:15:10]} 3. Bc4 {[%clk 0:15:12]} Nf6 {[%clk 0:15:12]} 4. d3
{[%clk 0:15:15]} Be7 {[%clk 0:15:14]} 5. O-O {[%clk 0:14:26]} O-O
{[%clk 0:15:14]} 6. Bb3 {[%clk 0:14:19]} d6 {[%clk 0:15:09]} 7. c3
{[%clk 0:14:20]} Na5 {[%clk 0:15:13]} 8. Bc2 {[%clk 0:14:20]} c5 {[%clk 0:15:17]}
9. Re1 {[%clk 0:14:00]} Re8 {[%clk 0:14:40]} 10. Nbd2 {[%clk 0:13:44]} Bf8
{[%clk 0:14:33]} 11. Nf1 {[%clk 0:13:47]} Nc6 {[%clk 0:14:04]} 12. h3
{[%clk 0:13:49]} d5 {[%clk 0:14:03]} 13. Bg5 {[%clk 0:13:43]} d4 {[%clk 0:14:06]}
14. N3h2 {[%clk 0:12:42]} h6 {[%clk 0:13:19]} 15. Bd2 {[%clk 0:12:39]} g6
{[%clk 0:12:48]} 16. Ng3 {[%clk 0:12:23]} Bg7 {[%clk 0:11:50]} 17. Rf1
{[%clk 0:12:26]} Be6 {[%clk 0:11:14]} 18. Ba4 {[%clk 0:09:51]} Rc8
{[%clk 0:09:37]} 19. c4 {[%clk 0:09:30]} Nd7 {[%clk 0:05:56]} 20. a3
{[%clk 0:09:27]} a6 {[%clk 0:04:55]} 21. b4 {[%clk 0:09:21]} cxb4
{[%clk 0:04:24]} 22. axb4 {[%clk 0:09:22]} Na7 {[%clk 0:04:22]} 23. Bb3
{[%clk 0:08:53]} Bf8 {[%clk 0:02:46]} 24. b5 {[%clk 0:06:31]} Nc5
{[%clk 0:02:41]} 25. Bc2 {[%clk 0:06:32]} Ra8 {[%clk 0:02:18]} 26. bxa6
{[%clk 0:05:31]} b5 {[%clk 0:02:17]} 27. cxb5 {[%clk 0:05:10]} Nxb5
{[%clk 0:02:19]} 28. Ra5 {[%clk 0:04:16]} Nc3 {[%clk 0:01:53]} 29. Qa1
{[%clk 0:04:18]} Bb3 {[%clk 0:01:19]} 30. Rxc5 {[%clk 0:03:47]} Bxc2
{[%clk 0:01:22]} 31. Ra5 {[%clk 0:02:33]} Bxd3 {[%clk 0:01:10]} 32. Bxc3
{[%clk 0:01:49]} Bxf1 {[%clk 0:01:14]} 33. Nhxf1 {[%clk 0:01:44]} dxc3
{[%clk 0:01:17]} 34. Qxc3 {[%clk 0:01:48]} Qd4 {[%clk 0:01:10]} 35. Qb3
{[%clk 0:01:26]} Reb8 {[%clk 0:00:46]} 36. Qf3 {[%clk 0:01:15]} Rb6
{[%clk 0:00:41]} 37. Rd5 {[%clk 0:01:16]} Qb2 {[%clk 0:00:28]} 38. Rd7
{[%clk 0:01:15]} Qb3 {[%clk 0:00:32]} 39. Ne3 {[%clk 0:01:18]} Raxa6
{[%clk 0:00:30]} 40. Kh2 {[%clk 0:01:07]} Rf6 {[%clk 0:00:26]} 41. Ngf5
{[%clk 0:01:01]} gxf5 {[%clk 0:00:27]} 42. exf5 {[%clk 0:01:03]} e4
{[%clk 0:00:29]} 43. Qg4+ {[%clk 0:01:01]} Kh7 {[%clk 0:00:31]} 44. Rd8
{[%clk 0:00:59]} Bg7 {[%clk 0:00:15]} 45. Nd5 {[%clk 0:00:52]} Rad6
{[%clk 0:00:18]} 46. Nxf6+ {[%clk 0:00:45]} Rxf6 {[%clk 0:00:21]} 47. Qxe4
{[%clk 0:00:49]} Qb6 {[%clk 0:00:24]} 48. Rd2 {[%clk 0:00:29]} Qc6
{[%clk 0:00:28]} 49. Qd3 {[%clk 0:00:29]} Bf8 {[%clk 0:00:31]} 50. g3
{[%clk 0:00:32]} Rd6 {[%clk 0:00:33]} 51. Qc2 {[%clk 0:00:32]} Qxc2
{[%clk 0:00:35]} 52. Rxc2 {[%clk 0:00:36]} Bg7 {[%clk 0:00:39]} 53. Kg2
{[%clk 0:00:37]} Bf6 {[%clk 0:00:39]} 54. Rc7 {[%clk 0:00:35]} Kg7
{[%clk 0:00:43]} 55. f4 {[%clk 0:00:35]} Rd2+ {[%clk 0:00:44]} 56. Kf3
{[%clk 0:00:37]} Rd3+ {[%clk 0:00:49]} 57. Kg2 {[%clk 0:00:38]} h5
{[%clk 0:00:50]} 58. g4 {[%clk 0:00:36]} h4 {[%clk 0:00:50]} 59. Rc8
{[%clk 0:00:30]} Rg3+ {[%clk 0:00:51]} 60. Kh2 {[%clk 0:00:34]} Bd4
{[%clk 0:00:53]} 61. g5 {[%clk 0:00:31]} Bg1+ {[%clk 0:00:41]} 62. Kh1
{[%clk 0:00:34]} Be3 {[%clk 0:00:45]} 63. f6+ {[%clk 0:00:32]} Kh7
{[%clk 0:00:48]} 64. Rf8 {[%clk 0:00:34]} Rxh3+ {[%clk 0:00:41]} 65. Kg2
{[%clk 0:00:37]} Rg3+ {[%clk 0:00:46]} 66. Kh2 {[%clk 0:00:40]} Bxf4
{[%clk 0:00:50]} 67. Rxf7+ {[%clk 0:00:42]} Kg8 {[%clk 0:00:48]} 68. Rg7+
{[%clk 0:00:44]} Kh8 {[%clk 0:00:51]} 69. Rg6 {[%clk 0:00:33]} Rxg5+
{[%clk 0:00:55]} 0-1

[Event "Göteborg Open 2016"]
[Site "Idrottsvägen 2, Mölnlycke, Sweden"]
[Date "2016.08.19"]
[Round "4.4"]
[White "Golubka, Petro"]
[Black "Fries-Nielsen, Jens Ove"]
[Result "1-0"]
[BlackElo "2369"]
[WhiteElo "2373"]
[LiveChessVersion "1.4.8"]

1. e4 {[%clk 0:15:07]} d5 {[%clk 0:15:06]} 2. exd5 {[%clk 0:15:03]} Qxd5
{[%clk 0:15:09]} 3. Nc3 {[%clk 0:15:05]} Qd8 {[%clk 0:15:07]} 4. d4
{[%clk 0:15:09]} g6 {[%clk 0:15:06]} 5. Bf4 {[%clk 0:15:08]} Bg7 {[%clk 0:14:54]}
6. Qd2 {[%clk 0:15:10]} Nc6 {[%clk 0:13:36]} 7. Nb5 {[%clk 0:14:47]} e5
{[%clk 0:13:07]} 8. dxe5 {[%clk 0:14:49]} Be6 {[%clk 0:09:17]} 9. Qxd8+
{[%clk 0:14:41]} Kxd8 {[%clk 0:09:21]} 10. O-O-O+ {[%clk 0:14:41]} Kc8
{[%clk 0:09:25]} 11. Nf3 {[%clk 0:14:38]} h6 {[%clk 0:09:27]} 12. Nfd4
{[%clk 0:14:26]} Nge7 {[%clk 0:08:59]} 13. Nxe6 {[%clk 0:14:28]} fxe6
{[%clk 0:09:03]} 14. Bc4 {[%clk 0:14:30]} Bxe5 {[%clk 0:08:35]} 15. Bxe6+
{[%clk 0:14:27]} Kb8 {[%clk 0:08:39]} 16. Bxe5 {[%clk 0:14:28]} Nxe5
{[%clk 0:08:41]} 17. Rhe1 {[%clk 0:14:25]} N5c6 {[%clk 0:08:44]} 18. Rd7
{[%clk 0:14:19]} a6 {[%clk 0:08:26]} 19. Nxc7 {[%clk 0:14:19]} Ra7
{[%clk 0:08:31]} 20. Nd5 {[%clk 0:14:14]} Nxd5 {[%clk 0:08:32]} 21. Bxd5
{[%clk 0:14:16]} Rf8 {[%clk 0:08:14]} 22. f3 {[%clk 0:13:47]} Nb4
{[%clk 0:07:54]} 23. Bb3 {[%clk 0:13:34]} g5 {[%clk 0:07:42]} 24. c3
{[%clk 0:13:22]} Nc6 {[%clk 0:07:47]} 25. Bd5 {[%clk 0:13:24]} h5
{[%clk 0:07:07]} 26. Bxc6 {[%clk 0:13:25]} bxc6 {[%clk 0:07:11]} 27. Rxa7
{[%clk 0:13:28]} Kxa7 {[%clk 0:07:15]} 28. Re5 {[%clk 0:13:16]} g4
{[%clk 0:07:09]} 29. Rxh5 {[%clk 0:13:16]} gxf3 {[%clk 0:07:13]} 30. gxf3 Rxf3
31. Kc2 {[%clk 0:12:52]} Rf2+ {[%clk 0:07:22]} 32. Kb3 {[%clk 0:12:56]} Kb6
{[%clk 0:07:27]} 33. h4 {[%clk 0:12:55]} Rh2 {[%clk 0:07:31]} 34. Rh8
{[%clk 0:12:54]} a5 {[%clk 0:07:28]} 35. h5 {[%clk 0:12:57]} Kc5 {[%clk 0:07:30]}
36. h6 {[%clk 0:12:57]} Rh4 {[%clk 0:06:38]} 37. a4 {[%clk 0:12:49]} Rh3
{[%clk 0:06:27]} 38. h7 {[%clk 0:12:47]} Rh4 {[%clk 0:06:27]} 39. Kc2
{[%clk 0:12:30]} Rh2+ {[%clk 0:06:29]} 40. Kd3 {[%clk 0:12:33]} Rh3+
{[%clk 0:06:33]} 41. Ke4 {[%clk 0:12:08]} Kc4 {[%clk 0:06:20]} 42. b4 1-0

[Event "Göteborg Open 2016"]
[Site "Idrottsvägen 2, Mölnlycke, Sweden"]
[Date "2016.08.19"]
[Round "4.5"]
[White "Kumar, Rahul"]
[Black "Winsnes, Rikard"]
[Result "0-1"]
[BlackElo "2395"]
[WhiteElo "2184"]
[LiveChessVersion "1.4.8"]

1. d4 {[%clk 0:15:07]} Nf6 {[%clk 0:15:07]} 2. Bf4 {[%clk 0:15:11]} g6
{[%clk 0:14:45]} 3. Nc3 {[%clk 0:15:14]} d5 {[%clk 0:14:48]} 4. f3
{[%clk 0:15:12]} Bg7 {[%clk 0:11:28]} 5. e4 {[%clk 0:14:56]} O-O {[%clk 0:11:31]}
6. e5 {[%clk 0:14:48]} Ne8 {[%clk 0:10:36]} 7. Qd2 {[%clk 0:14:48]} e6
{[%clk 0:09:53]} 8. h4 {[%clk 0:14:28]} c5 {[%clk 0:09:28]} 9. Nce2
{[%clk 0:14:23]} Nc6 {[%clk 0:09:14]} 10. c3 {[%clk 0:14:17]} f6 {[%clk 0:09:05]}
11. exf6 {[%clk 0:14:06]} Qxf6 {[%clk 0:08:51]} 12. dxc5 {[%clk 0:13:52]} e5
{[%clk 0:08:36]} 13. Bg5 {[%clk 0:13:50]} Qf7 {[%clk 0:08:40]} 14. O-O-O
{[%clk 0:13:25]} Be6 {[%clk 0:08:41]} 15. h5 {[%clk 0:12:52]} gxh5
{[%clk 0:08:33]} 16. Bh6 {[%clk 0:12:44]} Rd8 {[%clk 0:08:18]} 17. Bxg7
{[%clk 0:12:44]} Nxg7 {[%clk 0:08:17]} 18. Nh3 {[%clk 0:12:47]} Bxh3
{[%clk 0:08:09]} 19. Rxh3 {[%clk 0:12:27]} d4 {[%clk 0:08:09]} 20. b3
{[%clk 0:11:57]} dxc3 {[%clk 0:08:00]} 21. Qxc3 {[%clk 0:12:01]} Rxd1+
{[%clk 0:08:04]} 22. Kxd1 {[%clk 0:12:05]} Rd8+ {[%clk 0:08:08]} 23. Kc1
{[%clk 0:12:08]} Qd7 {[%clk 0:08:06]} 24. Qc2 {[%clk 0:09:42]} Nb4
{[%clk 0:07:36]} 25. Qc4+ {[%clk 0:09:45]} Kh8 {[%clk 0:07:41]} 26. Qxb4
{[%clk 0:09:36]} Qd1+ {[%clk 0:07:44]} 27. Kb2 {[%clk 0:09:40]} Qxf1
{[%clk 0:07:48]} 28. Qxb7 {[%clk 0:09:09]} Qxe2+ {[%clk 0:07:32]} 29. Ka3
{[%clk 0:09:13]} Qxg2 {[%clk 0:07:21]} 30. Rh4 {[%clk 0:08:55]} h6
{[%clk 0:04:56]} 31. Ra4 {[%clk 0:07:17]} Qf2 {[%clk 0:04:35]} 32. Qc7
{[%clk 0:07:07]} Rd2 {[%clk 0:04:34]} 33. Rxa7 {[%clk 0:07:08]} Rxa2+
{[%clk 0:04:25]} 34. Kb4 {[%clk 0:07:12]} Qd4+ {[%clk 0:03:37]} 35. Kb5
{[%clk 0:07:10]} Qd3+ {[%clk 0:03:40]} 36. Kb4 {[%clk 0:06:20]} Qd4+
{[%clk 0:03:42]} 37. Kb5 {[%clk 0:06:23]} Rxa7 {[%clk 0:03:45]} 38. Qxa7
{[%clk 0:06:26]} h4 {[%clk 0:03:50]} 39. Qa6 {[%clk 0:06:16]} Kh7
{[%clk 0:03:43]} 40. c6 {[%clk 0:06:08]} h3 {[%clk 0:03:42]} 41. c7
{[%clk 0:06:08]} h2 {[%clk 0:02:57]} 42. c8=Q {[%clk 0:06:12]} h1=Q
{[%clk 0:02:59]} 43. Qc2+ {[%clk 0:06:15]} e4 {[%clk 0:03:03]} 44. Qxe4+
{[%clk 0:05:54]} Qxe4 {[%clk 0:03:07]} 45. fxe4 {[%clk 0:05:58]} Qf1+
{[%clk 0:02:49]} 46. Ka5 {[%clk 0:05:46]} Qxa6+ {[%clk 0:02:53]} 47. Kxa6
{[%clk 0:05:50]} h5 48. b4 h4 49. b5 Ne6 {[%clk 0:03:02]} 0-1

[Event "Göteborg Open 2016"]
[Site "Idrottsvägen 2, Mölnlycke, Sweden"]
[Date "2016.08.19"]
[Round "4.6"]
[White "Ernst, Thomas"]
[Black "Karlsson, Ulf"]
[Result "1-0"]
[BlackElo "2036"]
[WhiteElo "2357"]
[LiveChessVersion "1.4.8"]

1. e4 {[%clk 0:15:08]} c5 {[%clk 0:15:08]} 2. Nf3 {[%clk 0:15:10]} Nc6
{[%clk 0:15:12]} 3. d4 {[%clk 0:15:13]} cxd4 {[%clk 0:15:15]} 4. Nxd4
{[%clk 0:15:17]} e5 {[%clk 0:15:19]} 5. Nb5 {[%clk 0:15:17]} d6 {[%clk 0:15:23]}
6. c4 {[%clk 0:15:13]} Be7 {[%clk 0:15:19]} 7. Bd3 {[%clk 0:15:03]} a6
{[%clk 0:14:07]} 8. N5c3 {[%clk 0:15:06]} Nd4 {[%clk 0:14:10]} 9. O-O
{[%clk 0:14:56]} Be6 {[%clk 0:14:13]} 10. b3 {[%clk 0:14:36]} Qd7
{[%clk 0:14:11]} 11. Be3 {[%clk 0:14:21]} Nc6 {[%clk 0:14:02]} 12. Nd5
{[%clk 0:14:16]} Bd8 {[%clk 0:14:05]} 13. Nbc3 {[%clk 0:14:13]} Nce7
{[%clk 0:13:29]} 14. Nb6 {[%clk 0:13:52]} Bxb6 {[%clk 0:13:32]} 15. Bxb6
{[%clk 0:13:55]} Nf6 {[%clk 0:12:17]} 16. Rc1 {[%clk 0:13:34]} Qc6
{[%clk 0:12:10]} 17. Be3 {[%clk 0:13:32]} O-O {[%clk 0:11:27]} 18. Nd5
{[%clk 0:13:18]} Bxd5 {[%clk 0:11:21]} 19. cxd5 {[%clk 0:13:10]} Qd7
{[%clk 0:11:24]} 20. Qd2 {[%clk 0:12:29]} Ng4 {[%clk 0:11:05]} 21. Bb6
{[%clk 0:12:23]} Rac8 {[%clk 0:10:52]} 22. f3 {[%clk 0:12:03]} Nf6
{[%clk 0:10:55]} 23. Rxc8 {[%clk 0:12:00]} Rxc8 {[%clk 0:10:58]} 24. Rc1
{[%clk 0:11:59]} Kf8 {[%clk 0:09:40]} 25. Rxc8+ {[%clk 0:11:44]} Qxc8
{[%clk 0:09:35]} 26. Qc2 {[%clk 0:11:42]} Ke8 {[%clk 0:09:26]} 27. Qxc8+
{[%clk 0:11:34]} Nxc8 {[%clk 0:09:30]} 28. Be3 {[%clk 0:11:35]} Nd7
{[%clk 0:09:04]} 29. b4 {[%clk 0:11:26]} Ndb6 {[%clk 0:08:42]} 30. b5
{[%clk 0:10:47]} axb5 {[%clk 0:08:11]} 31. Bxb5+ {[%clk 0:10:50]} Ke7
{[%clk 0:08:15]} 32. Kf2 {[%clk 0:10:48]} Nd7 {[%clk 0:08:03]} 33. Ke2
{[%clk 0:10:48]} g6 {[%clk 0:07:45]} 34. Kd3 {[%clk 0:10:38]} Nc5+
{[%clk 0:07:33]} 35. Kc4 {[%clk 0:10:32]} b6 {[%clk 0:07:35]} 36. Kb4
{[%clk 0:10:17]} f6 {[%clk 0:07:18]} 37. a4 {[%clk 0:10:08]} Nd7 {[%clk 0:07:06]}
38. Bxd7 {[%clk 0:09:53]} Kxd7 {[%clk 0:07:09]} 39. Kb5 {[%clk 0:09:55]} Kc7
{[%clk 0:07:11]} 40. Ka6 {[%clk 0:09:56]} f5 {[%clk 0:06:50]} 41. g3
{[%clk 0:09:41]} fxe4 {[%clk 0:04:40]} 42. fxe4 {[%clk 0:09:44]} Ne7
{[%clk 0:04:43]} 43. Bxb6+ {[%clk 0:09:45]} Kb8 {[%clk 0:04:42]} 44. Bd8
{[%clk 0:07:58]} Nc8 {[%clk 0:04:08]} 45. h4 {[%clk 0:07:36]} Ka8
{[%clk 0:03:55]} 46. Bc7 {[%clk 0:07:28]} h5 {[%clk 0:03:41]} 47. a5
{[%clk 0:07:20]} 1-0

[Event "Göteborg Open 2016"]
[Site "Idrottsvägen 2, Mölnlycke, Sweden"]
[Date "2016.08.19"]
[Round "4.7"]
[White "Petersson, Baldur Teodor"]
[Black "Hultin, Johan"]
[Result "1-0"]
[BlackElo "2340"]
[WhiteElo "2019"]
[LiveChessVersion "1.4.8"]

1. e4 {[%clk 0:15:07]} e6 {[%clk 0:15:09]} 2. b3 {[%clk 0:15:11]} d5
{[%clk 0:15:11]} 3. Bb2 {[%clk 0:15:15]} Nf6 {[%clk 0:15:12]} 4. e5
{[%clk 0:15:19]} Nfd7 {[%clk 0:15:17]} 5. f4 {[%clk 0:15:23]} c5 {[%clk 0:15:21]}
6. Nf3 {[%clk 0:15:27]} Nc6 {[%clk 0:15:25]} 7. Be2 {[%clk 0:15:31]} Be7
{[%clk 0:15:28]} 8. O-O {[%clk 0:15:34]} O-O {[%clk 0:15:31]} 9. Qe1
{[%clk 0:15:36]} f6 {[%clk 0:14:45]} 10. Qg3 {[%clk 0:15:39]} f5 {[%clk 0:14:02]}
11. c3 {[%clk 0:15:06]} a5 {[%clk 0:13:25]} 12. d4 {[%clk 0:14:27]} b6
{[%clk 0:13:28]} 13. Nbd2 {[%clk 0:14:22]} Ba6 {[%clk 0:13:31]} 14. Qf2
{[%clk 0:13:30]} cxd4 {[%clk 0:12:48]} 15. Nxd4 {[%clk 0:13:15]} Nxd4
{[%clk 0:12:40]} 16. cxd4 {[%clk 0:13:18]} Qc8 {[%clk 0:11:39]} 17. Rfc1
{[%clk 0:12:51]} Qb7 {[%clk 0:11:39]} 18. Nf3 {[%clk 0:12:12]} Rfc8
{[%clk 0:11:25]} 19. Bxa6 {[%clk 0:11:23]} Qxa6 {[%clk 0:11:28]} 20. Qf1
{[%clk 0:11:32]} Qxf1+ {[%clk 0:11:16]} 21. Kxf1 {[%clk 0:11:36]} b5
{[%clk 0:11:08]} 22. Ke2 {[%clk 0:11:24]} a4 {[%clk 0:11:09]} 23. Kd3
{[%clk 0:11:01]} h6 {[%clk 0:10:50]} 24. Rxc8+ {[%clk 0:09:34]} Rxc8
{[%clk 0:10:54]} 25. Rc1 {[%clk 0:09:38]} Rxc1 {[%clk 0:10:51]} 26. Bxc1
{[%clk 0:09:42]} axb3 {[%clk 0:10:28]} 27. axb3 {[%clk 0:09:45]} Nb8
{[%clk 0:10:32]} 28. Ne1 {[%clk 0:08:36]} g5 {[%clk 0:10:20]} 29. g3
{[%clk 0:08:27]} Kf7 {[%clk 0:10:24]} 30. Nc2 {[%clk 0:07:53]} Nc6
{[%clk 0:10:18]} 31. Bd2 {[%clk 0:07:47]} Kg6 {[%clk 0:10:20]} 32. Be1
{[%clk 0:07:50]} Kh5 {[%clk 0:10:19]} 33. Ne3 {[%clk 0:07:53]} gxf4
{[%clk 0:09:53]} 34. gxf4 {[%clk 0:07:55]} Ba3 {[%clk 0:09:44]} 35. h3
{[%clk 0:07:02]} Bc1 {[%clk 0:09:06]} 36. Ng2 {[%clk 0:07:02]} Bb2
{[%clk 0:08:32]} 37. Bc3 {[%clk 0:06:02]} Ba3 {[%clk 0:08:18]} 38. Be1
{[%clk 0:05:35]} Ne7 {[%clk 0:07:51]} 39. Kc2 {[%clk 0:04:55]} Nc6
{[%clk 0:05:42]} 40. Kd3 {[%clk 0:05:00]} Be7 {[%clk 0:05:12]} 41. Ke3
{[%clk 0:03:48]} Bd8 {[%clk 0:05:00]} 42. Kd3 {[%clk 0:03:46]} Bb6
{[%clk 0:04:57]} 43. Bc3 {[%clk 0:03:04]} Ba7 {[%clk 0:04:52]} 44. Bb2
{[%clk 0:02:22]} Bb8 {[%clk 0:04:05]} 45. Bc3 {[%clk 0:02:18]} Bc7
{[%clk 0:04:08]} 46. Be1 {[%clk 0:02:15]} Kg6 {[%clk 0:03:43]} 47. Nh4+
{[%clk 0:01:50]} Kf7 {[%clk 0:03:46]} 48. Nf3 {[%clk 0:01:39]} Bb6
{[%clk 0:03:38]} 49. b4 {[%clk 0:01:36]} Bd8 {[%clk 0:03:36]} 50. Kc3
{[%clk 0:01:18]} Be7 {[%clk 0:03:39]} 51. Kb3 {[%clk 0:01:22]} Kg6
{[%clk 0:03:43]} 52. Bd2 {[%clk 0:01:09]} Kh5 {[%clk 0:03:47]} 53. Be1
{[%clk 0:01:13]} Bd8 {[%clk 0:03:42]} 54. Ka3 {[%clk 0:01:18]} Be7
{[%clk 0:03:35]} 55. Kb3 {[%clk 0:01:21]} Nd8 {[%clk 0:03:39]} 56. Kc3
{[%clk 0:00:33]} Bf8 {[%clk 0:03:29]} 57. Kb3 {[%clk 0:00:28]} Kg6
{[%clk 0:03:24]} 58. Bf2 {[%clk 0:00:31]} Kf7 {[%clk 0:03:25]} 59. Be1
{[%clk 0:00:31]} Kg7 {[%clk 0:03:28]} 60. Bf2 {[%clk 0:00:35]} Be7
{[%clk 0:03:30]} 61. Be1 {[%clk 0:00:18]} Kg6 {[%clk 0:03:34]} 62. Bh4
{[%clk 0:00:12]} Bxh4 {[%clk 0:03:19]} 63. Nxh4+ {[%clk 0:00:17]} Kh5
{[%clk 0:03:23]} 64. Nf3 {[%clk 0:00:21]} Nc6 {[%clk 0:03:24]} 65. Kc3
{[%clk 0:00:25]} Ne7 {[%clk 0:03:24]} 66. Kd3 {[%clk 0:00:28]} Ng6
{[%clk 0:03:28]} 67. Ke3 {[%clk 0:00:29]} Nh4 {[%clk 0:03:32]} 68. Ne1
{[%clk 0:00:32]} Ng6 {[%clk 0:03:34]} 69. Nf3 {[%clk 0:00:36]} Ne7
{[%clk 0:03:35]} 70. Kd3 {[%clk 0:00:39]} Kg6 {[%clk 0:03:39]} 71. Nd2
{[%clk 0:00:38]} Kf7 {[%clk 0:03:39]} 72. Nf3 {[%clk 0:00:42]} Ke8
{[%clk 0:03:42]} 73. Nd2 {[%clk 0:00:45]} Nc6 {[%clk 0:03:43]} 74. Kc3
{[%clk 0:00:49]} Kf7 {[%clk 0:03:45]} 75. Nf3 {[%clk 0:00:50]} Kg6
{[%clk 0:03:49]} 76. Kb3 {[%clk 0:00:53]} Kh5 {[%clk 0:03:51]} 77. Kc3
{[%clk 0:00:57]} Nb8 {[%clk 0:03:32]} 78. Kb3 {[%clk 0:01:07]} Nc6
{[%clk 0:03:36]} 79. Kc3 {[%clk 0:01:11]} Nd8 {[%clk 0:03:41]} 80. Kd3
{[%clk 0:01:12]} Nf7 {[%clk 0:03:45]} 81. Kd2 {[%clk 0:01:14]} Ng5
{[%clk 0:03:40]} 82. fxg5 {[%clk 0:01:10]} hxg5 {[%clk 0:03:44]} 83. Ke3
{[%clk 0:01:08]} g4 {[%clk 0:03:48]} 84. hxg4+ {[%clk 0:01:10]} Kxg4
{[%clk 0:03:52]} 85. Nh2+ {[%clk 0:01:09]} 1-0

[Event "Göteborg Open 2016"]
[Site "Idrottsvägen 2, Mölnlycke, Sweden"]
[Date "2016.08.19"]
[Round "4.8"]
[White "Verendel, Jan"]
[Black "Efroimski, Marsel"]
[Result "0-1"]
[BlackElo "2329"]
[WhiteElo "1981"]
[LiveChessVersion "1.4.8"]

1. d4 {[%clk 0:15:08]} e6 {[%clk 0:15:09]} 2. c4 {[%clk 0:15:12]} b6
{[%clk 0:15:12]} 3. Nc3 {[%clk 0:15:12]} Bb7 {[%clk 0:15:14]} 4. e4
{[%clk 0:15:09]} Bb4 {[%clk 0:15:17]} 5. Bd3 {[%clk 0:15:07]} f5 {[%clk 0:14:47]}
6. Qh5+ {[%clk 0:14:27]} g6 {[%clk 0:14:39]} 7. Qe2 {[%clk 0:14:26]} Nf6
{[%clk 0:11:06]} 8. d5 {[%clk 0:13:30]} fxe4 {[%clk 0:10:47]} 9. Bxe4
{[%clk 0:13:15]} Nxe4 {[%clk 0:10:51]} 10. Qxe4 {[%clk 0:13:16]} O-O
{[%clk 0:10:52]} 11. Be3 {[%clk 0:11:22]} Qf6 {[%clk 0:06:33]} 12. Nge2
{[%clk 0:11:19]} Na6 {[%clk 0:06:09]} 13. Bd4 {[%clk 0:10:40]} Nc5
{[%clk 0:05:03]} 14. Qe3 {[%clk 0:09:46]} e5 {[%clk 0:04:55]} 15. Bxc5
{[%clk 0:09:03]} Bxc5 {[%clk 0:04:58]} 16. Ne4 {[%clk 0:08:51]} Bxe3
{[%clk 0:04:25]} 17. Nxf6+ {[%clk 0:08:54]} Rxf6 {[%clk 0:04:29]} 18. fxe3
{[%clk 0:08:56]} Raf8 {[%clk 0:03:56]} 19. Kd2 {[%clk 0:08:22]} Rf2
{[%clk 0:03:40]} 20. Rhg1 {[%clk 0:08:01]} b5 {[%clk 0:02:24]} 21. b3
{[%clk 0:07:41]} bxc4 {[%clk 0:02:23]} 22. bxc4 {[%clk 0:07:44]} Ba6
{[%clk 0:02:15]} 23. Rac1 {[%clk 0:07:45]} Rb8 {[%clk 0:02:15]} 24. Rc2
{[%clk 0:07:04]} Rb4 {[%clk 0:02:06]} 25. Kd3 {[%clk 0:04:45]} Bxc4+
{[%clk 0:01:01]} 26. Rxc4 {[%clk 0:04:48]} Rxc4 {[%clk 0:01:05]} 27. Kxc4
{[%clk 0:04:51]} Rxe2 {[%clk 0:01:09]} 28. Kd3 {[%clk 0:04:51]} Rxa2
{[%clk 0:01:12]} 29. Rc1 {[%clk 0:04:53]} Kf7 {[%clk 0:00:47]} 30. Rxc7
{[%clk 0:04:55]} Ke7 {[%clk 0:00:50]} 31. Ke4 {[%clk 0:04:52]} Kd6
{[%clk 0:00:47]} 32. Rb7 {[%clk 0:04:44]} Rxg2 {[%clk 0:00:36]} 33. Rxa7
{[%clk 0:04:20]} Rg4+ {[%clk 0:00:38]} 34. Kf3 {[%clk 0:04:19]} Rh4
{[%clk 0:00:37]} 35. Kg3 {[%clk 0:04:18]} Rc4 {[%clk 0:00:31]} 36. Ra8
{[%clk 0:04:05]} Kxd5 {[%clk 0:00:29]} 37. Rh8 {[%clk 0:03:49]} h5
{[%clk 0:00:33]} 38. Rg8 {[%clk 0:03:50]} Rg4+ {[%clk 0:00:31]} 39. Kf2
{[%clk 0:03:43]} Ke4 {[%clk 0:00:31]} 40. h3 {[%clk 0:03:30]} Rg5
{[%clk 0:00:34]} 41. Rg7 {[%clk 0:03:31]} d5 {[%clk 0:00:38]} 42. Re7
{[%clk 0:03:29]} Rf5+ {[%clk 0:00:36]} 43. Ke2 {[%clk 0:03:26]} Rf6
{[%clk 0:00:28]} 44. Ra7 {[%clk 0:03:25]} Rc6 {[%clk 0:00:30]} 45. Ra4+
{[%clk 0:03:25]} Rc4 {[%clk 0:00:34]} 46. Ra6 {[%clk 0:03:24]} Rc2+
{[%clk 0:00:36]} 47. Kd1 {[%clk 0:03:26]} Rg2 {[%clk 0:00:39]} 48. Re6
{[%clk 0:03:19]} Rg3 {[%clk 0:00:39]} 49. h4 {[%clk 0:03:18]} Kd3
{[%clk 0:00:34]} 50. Ke1 {[%clk 0:03:16]} e4 {[%clk 0:00:32]} 51. Kf2
{[%clk 0:03:14]} Rf3+ {[%clk 0:00:31]} 52. Kg2 {[%clk 0:03:16]} Kxe3
{[%clk 0:00:34]} 53. Rxg6 {[%clk 0:03:19]} d4 {[%clk 0:00:38]} 54. Ra6
{[%clk 0:03:15]} d3 {[%clk 0:00:41]} 55. Ra3 {[%clk 0:03:18]} Rf2+
{[%clk 0:00:39]} 56. Kg1 {[%clk 0:03:22]} Rc2 {[%clk 0:00:40]} 57. Ra5
{[%clk 0:03:24]} Ke2 {[%clk 0:00:42]} 58. Rxh5 {[%clk 0:03:26]} d2
{[%clk 0:00:46]} 0-1